LIBRARY & INFORMATION CENTRE, KCAET, TAVANUR

ONLINE PUBLIC ACCESS CATALOGUE (OPAC)

Journals and Misecellareour Note books of Ralph waldo Emerson / (Record no. 3266)

MARC details
000 -LEADER
fixed length control field 00506cam a2200181ua 4500
041 ## - LANGUAGE CODE
Language code of text/sound track or separate title eng
082 ## - DEWEY DECIMAL CLASSIFICATION NUMBER
Classification number 920
Item number EME/JO
100 ## - MAIN ENTRY--AUTHOR NAME
Personal name Emerson, ralph waldo .
245 ## - TITLE STATEMENT
Title Journals and Misecellareour Note books of Ralph waldo Emerson /
250 ## - EDITION STATEMENT
Edition statement 1 /
260 ## - PUBLICATION, DISTRIBUTION, ETC. (IMPRINT)
Place of publication Cambridge :
Name of publisher Bet Knap Press of Lacvard University Press ,
Year of publication 1960.
300 ## - PHYSICAL DESCRIPTION
Number of Pages 430 ; .
942 ## - ADDED ENTRY ELEMENTS (KOHA)
Koha item type Books
Holdings
Withdrawn status Lost status Damaged status Home library Current library Date acquired Full call number Accession Number Koha item type
Withdrawn     KAUAET Sanskrit University 07/04/2012 920 5286 Books
free website counter